000 00289nam a22001097a 4500
082 _a346.42031 WOR
245 _aWorkmen's compensation act, 1923 with rules
260 _aPakistan
_bPunjab Laws Online
300 _a88p
942 _2ddc
_cBK
999 _c540935
_d540935